Dibujo técnico Básico
| Main Author: | |
|---|---|
| Format: | Section = Libro |
| Language: | Undetermined Spanish |
| Published: |
México
CECSA
2000
|
| Subjects: |
| LEADER | 00614nam a2200217Ia 4500 | ||
|---|---|---|---|
| 008 | 240829s9999 xx 000 0 und d | ||
| 020 | |a 968-26-0895-3 | ||
| 040 | |a BIBLIOTECA-RUPAP 604.2 S745 | ||
| 041 | |a spa | ||
| 082 | |a 604.2 S745 | ||
| 100 | 1 | |a Spencer, Henry Cecil | |
| 245 | 1 | 0 | |a Dibujo técnico Básico |
| 260 | |a México |b CECSA |c 2000 | ||
| 300 | |a 501 p. :il. | ||
| 650 | 7 | |a DIBUJO TECNICO | |
| 650 | 7 | |b LENGUAJE DE A MANO LIBRE | |
| 650 | 7 | |c DIBUJO CONSTRUCTIVO | |
| 650 | 7 | |d RUTULACION. I. Dygdon, John Thomas, coaut. II. Novak, James E. III. Tít. | |
| 942 | |c BK |2 ddc | ||
| 991 | |a TEXTO | ||
| 999 | |c 7806 | ||